| 000 | 00496pab a2200169 454500 | ||
|---|---|---|---|
| 008 | 180718b2001 xxu||||| |||| 00| 0 eng d | ||
| 100 | _aEwing, K.D. | ||
| 245 | _aTransparency, accountability and equality: the political parties, elections and Referendums Act 2000 | ||
| 260 | _c2001 | ||
| 300 | _ap.542-70 | ||
| 362 | _aAutumn | ||
| 650 | _aElections - Great Britain | ||
| 650 | _aPolitical parties - Great Britain | ||
| 650 | _aPolitical parties | ||
| 773 | _aPublic Law | ||
| 909 | _a50250 | ||
| 999 |
_c50250 _d50250 |
||